000 00847nam a22002657a 4500
003 CHAP
005 20220329141607.0
008 971013s1974 r 00010 d
010 _a70678
011 _a71650
035 _a81204
040 _cCHAP
082 _a631.0913
_bA3
110 _aAgencia para el Desarrollo Internacional
_91116
245 _aGuide for field crops in the tropics and the subtropics
260 _aWashington :
_bLa Agencia,
_c1974
300 _a321 p.
_b; mapa
590 _aBATCH-UPD
_b10
_c20130110
_lUCH01
_h2034
590 _aCONVERSION
_b10
_c20130109
_lUCH01
_h1339
650 1 4 _aCultivos tropicales.
_930383
901 _aBK
942 _cLIBRO
949 _a631.0913 A3
_bBC
_cLIBRO
_d33724000051447
_eLIBRO
_h41621
_i81204
_mD.
_si
949 _a631.0913 A3
_bBC
_cLIBRO
_d33724000051454
_eLIBRO
_fc.2
_h41622
_i81204
_mD.
_si
999 _c70678
_d70678